<?xml version="1.0" encoding="UTF-8"?>
<record
    xmlns:xsi="http://www.w3.org/2001/XMLSchema-instance"
    xsi:schemaLocation="http://www.loc.gov/MARC21/slim http://www.loc.gov/standards/marcxml/schema/MARC21slim.xsd"
    xmlns="http://www.loc.gov/MARC21/slim">

  <leader>00622nam a22001577a 4500</leader>
  <controlfield tag="003">OSt</controlfield>
  <controlfield tag="005">20150921083114.0</controlfield>
  <controlfield tag="008">150921b        xxu||||| |||| 00| 0 eng d</controlfield>
  <datafield tag="040" ind1=" " ind2=" ">
    <subfield code="c">RUA</subfield>
  </datafield>
  <datafield tag="082" ind1=" " ind2=" ">
    <subfield code="a">AGR CHE 2009 B040 Or.1</subfield>
  </datafield>
  <datafield tag="100" ind1=" " ind2=" ">
    <subfield code="9">967</subfield>
    <subfield code="a">CHEA, PILONG.</subfield>
  </datafield>
  <datafield tag="245" ind1=" " ind2=" ">
    <subfield code="a">Effect of diferent mulching on chinese kale crop royal university of agriculture &#x17A5;&#x1791;&#x17D2;&#x1792;&#x17B7;&#x1796;&#x179B;&#x1793;&#x17C3;&#x1782;&#x17C6;&#x179A;&#x1794;&#x1791;&#x17C5;&#x179B;&#x17BE;&#x178A;&#x17C6;&#x178E;&#x17B6;&#x17C6;&#x1781;&#x17B6;&#x178F;&#x17CB;&#x178E;&#x17B6;&#x178A;&#x17BE;&#x1798;&#x1793;&#x17C5;&#x179F;&#x17B6;&#x1780;&#x179B;&#x179C;&#x17B7;&#x1791;&#x17D2;&#x1799;&#x17B6;&#x179B;&#x17D0;&#x1799;&#x1797;&#x17BC;&#x1798;&#x17B7;&#x1793;&#x17D2;&#x1791;&#x1780;&#x179F;&#x17B7;&#x1780;&#x1798;&#x17D2;&#x1798;</subfield>
  </datafield>
  <datafield tag="260" ind1=" " ind2=" ">
    <subfield code="a">Phnom Penh</subfield>
    <subfield code="b">RUA</subfield>
    <subfield code="c">2009</subfield>
  </datafield>
  <datafield tag="300" ind1=" " ind2=" ">
    <subfield code="a">xi; 44p.</subfield>
    <subfield code="b">ill.</subfield>
    <subfield code="c">29cm.</subfield>
  </datafield>
  <datafield tag="942" ind1=" " ind2=" ">
    <subfield code="2">ddc</subfield>
    <subfield code="c">AGR</subfield>
  </datafield>
  <datafield tag="999" ind1=" " ind2=" ">
    <subfield code="c">931</subfield>
    <subfield code="d">931</subfield>
  </datafield>
  <datafield tag="952" ind1=" " ind2=" ">
    <subfield code="0">0</subfield>
    <subfield code="1">0</subfield>
    <subfield code="2">ddc</subfield>
    <subfield code="4">0</subfield>
    <subfield code="6">AGR_CHE_2009_000000000000000_B040_OR_1</subfield>
    <subfield code="7">0</subfield>
    <subfield code="9">3802</subfield>
    <subfield code="a">LBB</subfield>
    <subfield code="b">LBB</subfield>
    <subfield code="c">B040</subfield>
    <subfield code="d">2015-09-21</subfield>
    <subfield code="l">6</subfield>
    <subfield code="o">AGR CHE 2009 B040 Or.1</subfield>
    <subfield code="p">RUA000119</subfield>
    <subfield code="r">2020-09-09</subfield>
    <subfield code="s">2020-08-12</subfield>
    <subfield code="w">2015-09-21</subfield>
    <subfield code="y">AGR</subfield>
  </datafield>
  <datafield tag="952" ind1=" " ind2=" ">
    <subfield code="0">0</subfield>
    <subfield code="1">0</subfield>
    <subfield code="2">ddc</subfield>
    <subfield code="4">0</subfield>
    <subfield code="6">AGR_CHE_2009_000000000000000_B040_OR_2</subfield>
    <subfield code="7">0</subfield>
    <subfield code="9">3803</subfield>
    <subfield code="a">LBB</subfield>
    <subfield code="b">LBB</subfield>
    <subfield code="c">B040</subfield>
    <subfield code="d">2015-09-21</subfield>
    <subfield code="l">13</subfield>
    <subfield code="o">AGR CHE 2009 B040 Or.2</subfield>
    <subfield code="p">RUA000088</subfield>
    <subfield code="r">2020-11-17</subfield>
    <subfield code="s">2020-10-19</subfield>
    <subfield code="w">2015-09-21</subfield>
    <subfield code="y">AGR</subfield>
  </datafield>
  <datafield tag="952" ind1=" " ind2=" ">
    <subfield code="0">0</subfield>
    <subfield code="1">0</subfield>
    <subfield code="2">ddc</subfield>
    <subfield code="4">0</subfield>
    <subfield code="6">AGR_CHE_2009_000000000000000_B040_OR_3</subfield>
    <subfield code="7">0</subfield>
    <subfield code="9">3804</subfield>
    <subfield code="a">LBB</subfield>
    <subfield code="b">LBB</subfield>
    <subfield code="c">B040</subfield>
    <subfield code="d">2015-09-21</subfield>
    <subfield code="l">4</subfield>
    <subfield code="o">AGR CHE 2009 B040 Or.3</subfield>
    <subfield code="p">RUA000159</subfield>
    <subfield code="r">2019-11-27</subfield>
    <subfield code="s">2019-11-15</subfield>
    <subfield code="w">2015-09-21</subfield>
    <subfield code="y">AGR</subfield>
  </datafield>
  <datafield tag="952" ind1=" " ind2=" ">
    <subfield code="0">0</subfield>
    <subfield code="1">0</subfield>
    <subfield code="2">ddc</subfield>
    <subfield code="4">0</subfield>
    <subfield code="6">AGR_CHE_2009_000000000000000_B040_OR_4</subfield>
    <subfield code="7">0</subfield>
    <subfield code="9">4851</subfield>
    <subfield code="a">LBB</subfield>
    <subfield code="b">LBB</subfield>
    <subfield code="c">B040</subfield>
    <subfield code="d">2015-09-24</subfield>
    <subfield code="l">4</subfield>
    <subfield code="o">AGR CHE 2009 B040 Or.4</subfield>
    <subfield code="p">RUA001289</subfield>
    <subfield code="r">2024-12-18</subfield>
    <subfield code="s">2024-12-02</subfield>
    <subfield code="w">2015-09-24</subfield>
    <subfield code="y">AGR</subfield>
  </datafield>
  <datafield tag="952" ind1=" " ind2=" ">
    <subfield code="0">0</subfield>
    <subfield code="1">0</subfield>
    <subfield code="2">ddc</subfield>
    <subfield code="4">0</subfield>
    <subfield code="6">AGR_CHE_2009_000000000000000_B040_OR_5</subfield>
    <subfield code="7">0</subfield>
    <subfield code="9">4852</subfield>
    <subfield code="a">LBB</subfield>
    <subfield code="b">LBB</subfield>
    <subfield code="c">B040</subfield>
    <subfield code="d">2015-09-24</subfield>
    <subfield code="l">2</subfield>
    <subfield code="o">AGR CHE 2009 B040 Or.5</subfield>
    <subfield code="p">RUA017933</subfield>
    <subfield code="r">2018-01-05</subfield>
    <subfield code="s">2017-12-20</subfield>
    <subfield code="w">2015-09-24</subfield>
    <subfield code="y">AGR</subfield>
  </datafield>
  <datafield tag="952" ind1=" " ind2=" ">
    <subfield code="0">0</subfield>
    <subfield code="1">0</subfield>
    <subfield code="2">ddc</subfield>
    <subfield code="4">0</subfield>
    <subfield code="6">AGR_CHE_2009_000000000000000_B040_OR_6</subfield>
    <subfield code="7">0</subfield>
    <subfield code="9">4935</subfield>
    <subfield code="a">LBB</subfield>
    <subfield code="b">LBB</subfield>
    <subfield code="c">B040</subfield>
    <subfield code="d">2015-09-24</subfield>
    <subfield code="l">2</subfield>
    <subfield code="o">AGR CHE 2009 B040 Or.6</subfield>
    <subfield code="p">RUA000777</subfield>
    <subfield code="q">2016-10-17</subfield>
    <subfield code="r">2016-09-26</subfield>
    <subfield code="s">2016-09-26</subfield>
    <subfield code="w">2015-09-24</subfield>
    <subfield code="y">AGR</subfield>
  </datafield>
  <datafield tag="952" ind1=" " ind2=" ">
    <subfield code="0">0</subfield>
    <subfield code="1">0</subfield>
    <subfield code="2">ddc</subfield>
    <subfield code="4">0</subfield>
    <subfield code="6">AGR_CHE_2009_000000000000000_B040_OR_7</subfield>
    <subfield code="7">0</subfield>
    <subfield code="9">4936</subfield>
    <subfield code="a">LBB</subfield>
    <subfield code="b">LBB</subfield>
    <subfield code="c">B040</subfield>
    <subfield code="d">2015-09-24</subfield>
    <subfield code="o">AGR CHE 2009 B040 Or.7</subfield>
    <subfield code="p">RUA000548</subfield>
    <subfield code="r">2015-09-24</subfield>
    <subfield code="w">2015-09-24</subfield>
    <subfield code="y">AGR</subfield>
  </datafield>
  <datafield tag="952" ind1=" " ind2=" ">
    <subfield code="0">0</subfield>
    <subfield code="1">0</subfield>
    <subfield code="2">ddc</subfield>
    <subfield code="4">0</subfield>
    <subfield code="6">AGR_CHE_2009_000000000000000_B040_OR_8</subfield>
    <subfield code="7">0</subfield>
    <subfield code="9">13801</subfield>
    <subfield code="a">LBB</subfield>
    <subfield code="b">LBB</subfield>
    <subfield code="d">2015-10-28</subfield>
    <subfield code="l">12</subfield>
    <subfield code="o">AGR CHE 2009 B040 Or.8</subfield>
    <subfield code="p">RUA012523</subfield>
    <subfield code="r">2023-12-11</subfield>
    <subfield code="s">2023-11-17</subfield>
    <subfield code="w">2015-10-28</subfield>
    <subfield code="y">AGR</subfield>
  </datafield>
  <datafield tag="952" ind1=" " ind2=" ">
    <subfield code="0">0</subfield>
    <subfield code="1">0</subfield>
    <subfield code="2">ddc</subfield>
    <subfield code="4">0</subfield>
    <subfield code="6">AGR_CHE_2009_000000000000000_B040_OR_9</subfield>
    <subfield code="7">0</subfield>
    <subfield code="9">58362</subfield>
    <subfield code="a">LBB</subfield>
    <subfield code="b">LBB</subfield>
    <subfield code="d">2016-12-13</subfield>
    <subfield code="l">8</subfield>
    <subfield code="o">AGR CHE 2009 B040 Or.9</subfield>
    <subfield code="p">A04547</subfield>
    <subfield code="r">2020-05-13</subfield>
    <subfield code="s">2020-05-13</subfield>
    <subfield code="w">2016-12-13</subfield>
    <subfield code="y">AGR</subfield>
  </datafield>
</record>
